000 00290nam a22001217a 4500
999 _c4442
_d4442
008 250218b ||||| |||| 00| 0 eng d
020 _a9781402771842
082 _a736 NGU
100 _aNGUYEN.DUY
_eAUTHOR
245 _aUBER ORIGAMI
260 _aNEW YORK
_bSTERLING PUBLISHING
942 _2ddc